000 00586cam a2200205 4500500
005 20260405002915.0
041 _afre
042 _adc
100 1 0 _aPortevin, Catherine
_eauthor
245 0 0 _aRéflexes primitifs
260 _c2019.
500 _a90
690 _aCynisme
690 _aEurope
690 _aHistoire
690 _aMédiocrité
690 _aPeter Sloterdijk
786 0 _nPhilosophie magazine | 129 | 5 | 2019-05-01 | p. 55-55 | 1951-1787
856 4 1 _uhttps://shs.cairn.info/magazine-philosophie-magazine-2019-5-page-55?lang=fr&redirect-ssocas=7080
999 _c2062367
_d2062367